| 000 | 00369 a2200133 4500 | ||
|---|---|---|---|
| 005 | 20250617083114.0 | ||
| 020 | _a978-0-07-148654-5 | ||
| 082 | _a658.81 CAL | ||
| 100 | _aCALVIN, J. R | ||
| 245 | _aSales Management Demystified: A Self-teaching Guide | ||
| 260 |
_aNew York _bMcGraw-Hill Irwin _c2007. |
||
| 300 |
_axiii, 400p.:ill.;tables _bIndex _c23cm |
||
| 942 |
_2ddc _cBKS |
||
| 999 |
_c4205 _d4205 |
||